UBT Library

Essentials of Psychology / (Record no. 1203)

000 -LEADER
fixed length control field 00616nam a22001937a 4500
008 - FIXED-LENGTH DATA ELEMENTS--GENERAL INFORMATION
fixed length control field 150930b xxu||||| |||| 00| 0 eng d
020 ## - INTERNATIONAL STANDARD BOOK NUMBER
International Standard Book Number 9780495810773 (pbk. : student ed.)
020 ## - INTERNATIONAL STANDARD BOOK NUMBER
International Standard Book Number 0495810770 (pbk. : student ed.)
020 ## - INTERNATIONAL STANDARD BOOK NUMBER
International Standard Book Number 9780840032683 (looseleaf ed.)
020 ## - INTERNATIONAL STANDARD BOOK NUMBER
International Standard Book Number 0840032684 (looseleaf ed.)
080 ## - UNIVERSAL DECIMAL CLASSIFICATION NUMBER
Universal Decimal Classification number 159.9
100 1# - Rafti
Rafti Bernstein, Douglas A.
245 10 - TITLE STATEMENT
Title Essentials of Psychology /
Statement of responsibility, etc Douglas A. Bernstein.
250 ## -
-- 5th Ed.
260 ## -
-- Belmont, CA :
-- Wadsworth Cengage Learning,
-- 2011.
300 ## -
-- 1 v. (various pagings) :
-- me il.;
-- 28.
650 #0 -
-- Psikologji
942 ## - ADDED ENTRY ELEMENTS (KOHA)
Source of classification or shelving scheme
Item type Books
Holdings
Withdrawn status Lost status Source of classification or shelving scheme Damaged status Not for loan Collection code Permanent location Current location Shelving location Date acquired Total Checkouts Full call number Barcode Date last seen Koha item type Price effective from
          Koleksioni i përgjithshem UBT - Lipjan UBT - Lipjan Koleksioni i përgjithshem 09/30/2015   159.9 BER 002-008133 09/30/2015 Books  
          Koleksioni i përgjithshem UBT - Lipjan UBT - Lipjan Koleksioni i përgjithshem 10/01/2015   159.9 BER 002-008132 10/01/2015 Books 10/01/2015
UBT Library © 2015-2024. All rights reserved University Education for Business and Technology